Normal view
MARC view
- Kulemin, Gennadiy P:Barton, David K
Entry Personal Name
001 - CONTROL NUMBER
- control field: 68433
003 - CONTROL NUMBER IDENTIFIER
- control field: NUST
005 - DATE AND TIME OF LATEST TRANSACTION
- control field: 20210628204040.0
008 - FIXED-LENGTH DATA ELEMENTS
- fixed length control field: 210628|| aca||aabn | a|a d
040 ## - CATALOGING SOURCE
- Original cataloging agency: NUST
- Transcribing agency: NUST
100 ## - HEADING--PERSONAL NAME
- Personal name: Kulemin, Gennadiy P:Barton, David K
670 ## - SOURCE DATA FOUND
- Source citation: Work cat.: (NUST): Kulemin, Gennadiy P:Barton, David K, Millimeter wave radar targets and clutter;radar targets, radar interference, millimeter waves, 2003
